La historia del buen viejo y la bella señorita / (Registro nro. 3752)
[ vista simple ]
| 000 -LEADER | |
|---|---|
| fixed length control field | 01282nam a2200313Ia 4500 |
| 003 - CONTROL NUMBER IDENTIFIER | |
| control field | OSt |
| 005 - DATE AND TIME OF LATEST TRANSACTION | |
| control field | 20250619152413.0 |
| 008 - FIXED-LENGTH DATA ELEMENTS--GENERAL INFORMATION | |
| fixed length control field | 191128s2017 ck jr 000 f spa d |
| 020 ## - INTERNATIONAL STANDARD BOOK NUMBER | |
| International Standard Book Number | 9789588997629 |
| 040 ## - CATALOGING SOURCE | |
| Original cataloging agency | CO-JMCR |
| Transcribing agency | CO-JMCR |
| 041 1# - LANGUAGE CODE | |
| Language code of text/sound track or separate title | spa |
| Language code of original | eng |
| 082 04 - DEWEY DECIMAL CLASSIFICATION NUMBER | |
| Classification number | A-N |
| Item number | SVEh |
| Edition number | 23 |
| 100 1# - MAIN ENTRY--PERSONAL NAME | |
| Personal name | Svevo, Italo, |
| Relator term | autor |
| 9 (RLIN) | 831 |
| 245 13 - TITLE STATEMENT | |
| Title | La historia del buen viejo y la bella señorita / |
| Statement of responsibility, etc. | Italo Svevo ; traducción de Lizeth Burbano |
| 250 ## - EDITION STATEMENT | |
| Edition statement | Primera edición |
| 260 ## - PUBLICATION, DISTRIBUTION, ETC. | |
| Place of publication, distribution, etc. | Bogotá : |
| Name of publisher, distributor, etc. | Alcaldía Mayor de Bogotá ; Instituto Distrital de las Artes Idartes, |
| Date of publication, distribution, etc. | 2017 |
| 300 ## - PHYSICAL DESCRIPTION | |
| Extent | 91 páginas ; |
| Dimensions | 17 cm. |
| 490 0# - SERIES STATEMENT | |
| Series statement | Libro al viento universal ; |
| Volume/sequential designation | 127 |
| 500 ## - GENERAL NOTE | |
| General note | Incluye datos biográficos del autor. |
| 520 ## - SUMMARY, ETC. | |
| Summary, etc. | Historia de un amor tardío, pero también de las costumbres burguesas; drama sobre la senilidad y relato sobre la iniciación a la escritura, el tono casi de fábula que adopta Svevo en Historia del buen viejo y la muchacha hermosa. |
| 546 ## - LANGUAGE NOTE | |
| Language note | Traducida del inglés |
| 650 14 - SUBJECT ADDED ENTRY--TOPICAL TERM | |
| Topical term or geographic name entry element | Novela italiana |
| 9 (RLIN) | 832 |
| 650 14 - SUBJECT ADDED ENTRY--TOPICAL TERM | |
| Topical term or geographic name entry element | Literatura italiana |
| 9 (RLIN) | 833 |
| 650 14 - SUBJECT ADDED ENTRY--TOPICAL TERM | |
| Topical term or geographic name entry element | Amor en la literatura |
| 9 (RLIN) | 634 |
| 650 14 - SUBJECT ADDED ENTRY--TOPICAL TERM | |
| Topical term or geographic name entry element | Ancianos en la literatura |
| 9 (RLIN) | 834 |
| 650 14 - SUBJECT ADDED ENTRY--TOPICAL TERM | |
| Topical term or geographic name entry element | Jóvenes en la literatura |
| 9 (RLIN) | 835 |
| 700 1# - ADDED ENTRY--PERSONAL NAME | |
| Personal name | Burbano, Lizeth, |
| Relator term | autor |
| 9 (RLIN) | 836 |
| 942 ## - ADDED ENTRY ELEMENTS (KOHA) | |
| Source of classification or shelving scheme | Dewey Decimal Classification |
| Koha item type | Books |
| Withdrawn status | Lost status | Source of classification or shelving scheme | Damaged status | Not for loan | Collection code | Home library | Current library | Date acquired | Source of acquisition | Cost, normal purchase price | Total Checkouts | Full call number | Barcode | Date last seen | Date last checked out | Copy number | Price effective from | Koha item type |
|---|---|---|---|---|---|---|---|---|---|---|---|---|---|---|---|---|---|---|
| Dewey Decimal Classification | Fiction | Biblioteca Pública José María del Castillo y Rada | Biblioteca Pública José María del Castillo y Rada | 07/05/2018 | Donación | 0.00 | 1 | A-N SVEh | 201808055 | 02/07/2024 | 02/07/2024 | Ej.1 | 11/28/2019 | Books | ||||
| Dewey Decimal Classification | Fiction | Biblioteca Pública José María del Castillo y Rada | Biblioteca Pública José María del Castillo y Rada | 07/05/2018 | Donación | 0.00 | A-N SVEh | 201809902 | 02/21/2020 | Ej.2 | 11/28/2019 | Books |